Score 0/49 Timer 03:00
0 Plays Today
% Correct
a
98.6%
you
96.8%
secret,
96.7%
can
96.6%
keep
96.1%
it?
94.6%
I
94.1%
a
93.8%
Got
93.6%
I
93.6%
one
93.5%
I
93.4%
you
92.9%
you
92.4%
one
92.2%
it
92%
can
92%
secret
91.9%
keep
91.4%
this
90.8%
the
90.8%
one
90.2%
this
89.4%
in
86%
to
85.9%
% Correct
lock
85.8%
pocket,
85.4%
grave.
84.7%
your
84.5%
If
82.2%
if
81.2%
taking
81.2%
is
80.2%
dead.
79.2%
of
78.6%
them
77.2%
show
77.2%
two
76.9%
know
76.5%
Better
75.9%
you'll
74.7%
Swear
74.3%
save.
74.3%
tell
70.3%
what
69.5%
won't
68.2%
Cause
66.4%
said
65.6%
then
60.7%
Remove Ads.
Support Sporcle.
Get the best of Sporcle when you Go Orange. This ad-free experience offers more features, more stats, and more fun while also helping to support Sporcle. Thank you for becoming a member.

You're not logged in!

Compare scores with friends on all Sporcle quizzes.
OR
Log In

Show Comments

Extras

Top Quizzes Today


Score Distribution

Your Account Isn't Verified!

In order to create a playlist on Sporcle, you need to verify the email address you used during registration. Go to your Sporcle Settings to finish the process.

Report this User

Report this user for behavior that violates our Community Guidelines.

Details: